Quiz sur l'équipe de France de football. - Statistiques

Statistiques générales
  • Ce quiz a été pris 379 fois
  • Le résultat moyen est 7 sur 10
Statistiques - réponses
Question Réponse % Correct
Combien de fois l'équipe de France de football a-t-elle gagnée la coupe du monde ? 2
95%
Qui est l'actuel sélectionneur de l'équipe de France de football ? Didier Deschamps
95%
Qui était le capitaine de l'équipe de France entre 2005 et 2006 ? Zinédine Zidane
90%
Combien de fois l'équipe de France de football a-t-elle gagnée le championnat d'Europe de football ? 2
81%
Quelle est la plus large victoire de l'équipe de France ? 10-0
76%
Qui est le meilleur buteur de l'équipe de France ? Thierry Henry
76%
En quelle année l'équipe de France de football a-t-elle été créée ? 1904
71%
En quelle année c'est déroulé le premier match de l'équipe de France ? 1904
71%
Quelle est la plus large défaite de l'équipe de France ? 1-17
52%
Qui est le joueur le plus sélectionné en équipe de France ? Lilian Thuram
19%
Aucun quiz correspondant
Distribution des résultats
% des personnes avec chaque résultat
Percentile par nombre de réponses
Votre historique - résultats
Vous n’avez pas pris ce quiz